Statistics for TfL London Underground - Metropolitan Line

Click here to take the quiz!

General Stats

  • This quiz has been taken 41 times
  • The average score is 27 of 34

Answer Stats

Answer% Correct
Aldgate
91%
Amersham
91%
Chalfont & Latimer
91%
Chesham
91%
Baker Street
86%
Chorleywood
86%
Harrow-on-the-Hill
86%
Liverpool Street
86%
North Harrow
86%
Pinner
86%
Ruislip
86%
Uxbridge
86%
Watford
86%
Barbican
82%
Finchley Road
82%
King's Cross St. Pancras
82%
Moorgate
82%
Moor Park
82%
Northwood
82%
Northwood Hills
82%
Rickmansworth
82%
Wembley Park
82%
Croxley
77%
Euston Square
77%
Ickenham
77%
Northwick Park
77%
Farringdon
73%
Great Portland Street
73%
Hillingdon
73%
Preston Road
73%
West Harrow
73%
Ruislip Manor
68%
Eastcote
64%
Rayners Lane
59%

Score Distribution

Percentile by Number Answered

Percent of People with Each Score

Your Score History

You have not taken this quiz